00774 2200253 4500001002100000005001700021008004100038035002500079040001200104082001000116084001800126090001800144245015000162260002800312300003700340500004900377650001200426700001900438700001000457700001000467700001600477700001500493850001200508INLIS00000000000179920150209102432.0  a0010-021500000000083 aYOPDYOG a641.2 aNUS 641.2 Sis aNUS 641.2 Sis aSISI Berita : Minuman khas Indonesia [rekaman video]c/ penanggung jawab Mahendra Wisnu ; editor, Syaefullah, Jefri, Indra ; produser Prita Laura aJakartabMetro TVc2013 aDVD : digital, stereo ; 4 3/4 in aProgram Metro TV ; tanggal tayang 26/08/2013 aMinuman aMahendra Wisnu aJefri aIndra aPrita Laura aSyaefullah aYOPDYOG